00867nam a22002297a 4500999001900000005001700019010001500036020002600051035001400077037001300091082001400104100002000118245011200138260005000250270011800300300001600418700001800434700001700452700001600469942002800485952012400513 c196648d19664820230814142442.0 aENG-137475 c300.00a9788195302444 aEN-121007 bDBAD/PUB a333.30954 aFernades Walter aEthnicity and Land Conflicts:cBy Walter Fernandsb Develpoment- induced dispalcement in Tripura 1947-2010/ aGuwatibNorth Eastern Social Research Centre  aNorth Eastern Social Research Centre Jagriti 2nd Floor, Arunodoi Path, GMCH Road, Christian BastibGuwatie781005 a278p.c22cm aThomas Malsom aGita Bharali aMeenal Tula 2ddccENmFERh333.30954 001040708NFICaMPbMPd2023-07-19eDBAD/PUBg300.00l0o333.30954 FERpEN-121007r2023-07-19 00:00:00t1v300.00yEN